000
00215nam a22000857a 4500
008
160804b xxu||||| |||| 00| 0 eng d
100
_9
22
_a
Chaturvedi B.K
245
_a
Sports & Games
260
_a
New Delhi
_b
GWH Publication
999
_c
2672
_d
2672